• 首页
  • 本馆介绍
  • 公告通知
  • 最新文献
  • 馆藏检索
  • 电子资源
  • 读者导购
  • 参考咨询
  • 我的图书馆
  • 登录
  • 详细信息显示
  • 放入我的书架
  • 预约/预借图书
  • 作者相关作品
  • 分类相关作品
  • 丛书相关作品
  • 出版社相关作品

书目信息

  • 表格格式
  • 工作单格式
  • 卡片格式
题名:
地理教学与学业评价
    
 
作者: 张哲江 主编
分册:  
出版信息: 广州   广东教育出版社  2005
页数: 235页
开本: 23cm
丛书名: 高中新课程教师丛书
单 册:
中图分类: G633.552
科图分类:
主题词: 地理 , 教学研究 , 地理--教学研究--高中
电子资源:
ISBN: 7-5406-6142-9
000 01018oam2 2200277 450
001 003035263
005 20061030093210.07
010    @a7-5406-6142-9@dCNY25.00
100    @a20050416d2005 em y0chiy0110 ea
101 0  @achi
102    @aCN@b440000
105    @aa z 000yy
200 1  @a地理教学与学业评价@9di li jiao xue yu xue ye ping jia@f张哲江主编
210    @a广州@c广东教育出版社@d2005
215    @a235页@c图@d23cm
225 2  @a高中新课程教师丛书@h第2辑@f高凌飚,陈冀平主编
330    @a本书立足于高中地理新课程的教学与评价实践,从教师面临的主要问题和需要出发,就高中地理新课程实施中的必修模块的教学和学生学习评价改革等问题进行深入的探讨。
410  0 @12001 @a高中新课程教师丛书@1701 0@a高凌飚@Agao ling biao@4主编@1701 0@a陈冀平@Achen ji ping@4主编
461  0 @12001 @a高中新课程教师丛书
606 0  @a地理
606 0  @a教学研究
606 0  @a地理@x教学研究@x高中
690    @aG633.552@v3
701  0 @a张哲江@9zhang zhe jiang@4主编
801  0 @aCN@bNLC@c20061030
905    @a10447@dG633.552@e245
    
    地理教学与学业评价/张哲江主编.-广州:广东教育出版社,2005
    235页:图;23cm.-(高中新课程教师丛书.第2辑/高凌飚,陈冀平主编)
    
    
    ISBN 7-5406-6142-9:CNY25.00
    本书立足于高中地理新课程的教学与评价实践,从教师面临的主要问题和需要出发,就高中地理新课程实施中的必修模块的教学和学生学习评价改革等问题进行深入的探讨。
●
相关链接 在E读中查询图书 在五车中查询图书 在当当中查询图书 在豆瓣中查询图书


正题名:地理教学与学业评价     索取号:G633.552/245         预约/预借

序号 登录号 条形码 馆藏地/架位号 状态 备注
1 0388284   203882842   第一样本阅览室/ [索取号:G633.552/245] 在馆    
2 0388285   203882851   第四借阅区/ [索取号:G633.552/245] 在馆    
3 0388286   203882860   第四借阅区/ [索取号:G633.552/245] 在馆    
4 0388287   203882879   第四借阅区/ [索取号:G633.552/245] 在馆    
5 0388288   203882888   第四借阅区/ [索取号:G633.552/245] 在馆    
唐山师范学院图书馆 欢迎您!
大连网信软件有限公司© 版权所有